Statystyki dla 10 najpopularniejszych osób z Polski

Kliknij tutaj aby rozwiązać quiz!

Ogólne statystyki

  • Ten quiz został rozwiązany 154 razy
    (107 od ostatniego zresetowania)
  • Średni wynik to 6 z 10

Statystyki odpowiedzi

TypOsoba% Poprawnych
PapierzJan Paweł 2 / Jan Paweł II / Karol Wojtyła
92%
SportowiecRobert Lewandowski
84%
SiłaczMariusz Pudzianowski / Pudzian
75%
AstronomMikołaj Kopernik
72%
PisarzAdam Mickiewicz
62%
MuzykFryderyk Chopin
60%
NaukowiecMaria Skłodowska-Curie
55%
PolitykLech Wałęsa
48%
SportowiecAdam Małysz
47%
PisarzJuliusz Słowacki
31%

Rozkład punktacji

Percentyl według liczby udzielonych odpowiedzi

Procent ludzi z każdym wynikiem

Twoja historia wyników

Nie rozwiązałeś tego quizu od ostatniego zresetowania